MARKET RESEARCH FOR ESSILOR INDIA AND WE (Record no. 36815)

MARC details
000 -LEADER
fixed length control field 00242nam a2200097Ia 4500
008 - FIXED-LENGTH DATA ELEMENTS--GENERAL INFORMATION
fixed length control field 240625s9999 xx 000 0 und d
041 ## - LANGUAGE CODE
Language code of text/sound track or separate title eng
082 ## - DEWEY DECIMAL CLASSIFICATION NUMBER
Classification number 808.20 PAN
100 ## - MAIN ENTRY--PERSONAL NAME
Personal name PANDEY AMRITA
245 ## - TITLE STATEMENT
Title MARKET RESEARCH FOR ESSILOR INDIA AND WE
Holdings
Withdrawn status Lost status Damaged status Not for loan Home library Current library Shelving location Date acquired Barcode Date last seen Price effective from Koha item type
        IMTN IMTN Rack 38-A 05/02/2012 SP1556 06/25/2024 06/25/2024 Sp
Designed & Maintained by: LRC IMT Nagpur Contact: lrc@imtnag.ac.in© 2024. All Rights Reserved.